Ohrozená povesť

Bibliographic Details
Main Author: Kanis, Pavol, 1948- (Author)
Format: Article
Language:Slovak
PhysicalDescription:Fotogr.
Subjects:

MARC

LEADER 00000nab a2200000 a 4500
001 vtls000666816
003 SK-MaSNL
005 20260304032225.0
008 180205c1998 xo 0 slo
015 |a SNBRB1998/09-25811 
035 |a CLN000019000 
040 |a SNKBUCL  |b slo  |c SNKBUCL  |e AACR2 
041 0 |a slo 
044 |a xo  |c SK 
080 |a 355.311.7(437.6)  |2 UDC-MRF-SK2 
100 1 |a Kanis, Pavol,  |d 1948-  |4 aut  |9 202008 
245 1 0 |a Ohrozená povesť  |c Pavol Kanis 
300 |b Fotogr. 
610 1 7 |a Slovensko.  |b Armáda  |2 snkbucl  |9 116379 
655 7 |a články z novín a časopisov  |2 snkbucl  |9 267496 
773 0 |t Pravda  |g Roč. 8, č. 215 (18.9.1998), s. 13 
850 |a Slovenská národná knižnica v Martine 
852 |a SNK  |b KIS3GCP 
958 |a RBX 
999 |c 2641925  |d 2643855